Dua Lipa - Paroles Training Season - Statistiques

Statistiques générales
  • Ce quiz a été pris 104 fois
  • Le résultat moyen est 278 sur 354
Statistiques - réponses
Hint Réponse % Correct
ya
100%
you
100%
You
100%
you,
100%
a
98%
I
98%
some
98%
to?
98%
to
98%
someone
97%
Someone
97%
Couplet 1 | Post-refrain Are
94%
are
94%
my
94%
can
92%
Bridge Can
92%
need
92%
close,
91%
hear
91%
heart
91%
just
91%
me
91%
that
89%
the
89%
give
88%
I'm
88%
know
88%
know,
88%
love
88%
should
88%
When
88%
when
88%
be
86%
'Cause
86%
Outro ’Cause
86%
Or
86%
then
86%
go
85%
go?
85%
hold
85%
like
85%
control
83%
over
83%
over)
83%
rodeo,
83%
training
83%
(training
83%
Training
83%
your
83%
ever
82%
I've
82%
deeper
80%
on
80%
take
80%
who
80%
Pré-refrain Who
80%
an
78%
is
78%
Is
78%
It
78%
it
78%
season's
78%
than
78%
night
77%
tell
77%
there
77%
there?
77%
do
75%
poison
74%
don't
72%
Don't
72%
feels
72%
been
71%
Conversation
71%
difference
71%
how
71%
in
71%
late
69%
Play
69%
at
68%
knows
68%
nature?
68%
And
66%
hard
66%
talking
66%
twice
66%
fair,
65%
he's
65%
known
65%
soul
65%
Whose
65%
feeling
63%
if
63%
If
63%
(if
63%
vertigo
63%
for
62%
For
62%
good
62%
got
62%
have
62%
vulnerable,
62%
wanna
62%
lesson
60%
nice
58%
overload,
58%
overload
58%
drawn
57%
learn
57%
right
57%
baby,
55%
really
55%
somebody
55%
Pré-refrain But
54%
compete?
54%
light
54%
Now
54%
show
54%
time
54%
tricky?
54%
ask
52%
straight
52%
teach
52%
too
52%
potential
49%
tried
49%
understands?
49%
arrow
48%
compass
48%
let
48%
much
48%
see
48%
hope
46%
lovers
45%
with
45%
sidelines
43%
waiting
42%
yeah
42%
yeah)
42%
stuck
40%
blow
38%
hits
35%
whistle
32%
my team?
31%
Run
26%
ain't
25%
Aucun quiz correspondant
Distribution des résultats
% des personnes avec chaque résultat
Percentile par nombre de réponses
Votre historique - résultats
Vous n’avez pas pris ce quiz